Présidents de la République Française - Statistiques

Statistiques générales
  • Ce quiz a été pris 562 fois
  • Le résultat moyen est 17 sur 25
Statistiques - réponses
Mandat Président de la République % Correct
2017-2027 Emmanuel Macron
99%
2012-2017 François Hollande
99%
2007-2012 Nicolas Sarkozy
98%
1959-1969 Charles de Gaulle
97%
1995-2007 Jacques Chirac
97%
1981-1995 François Mitterrand
96%
1969-1974 Georges Pompidou
95%
1974-1981 Valéry Giscard d'Estaing
94%
1848-1852 Louis-Napoléon Bonaparte
71%
1954-1959 René Coty
70%
1871-1873 Adolphe Thiers
63%
1895-1899 Félix Faure
59%
1913-1920 Raymond Poincaré
57%
1873-1879 Patrice de MacMahon
56%
1887-1894 Sadi Carnot
56%
1947-1954 Vincent Auriol
54%
1931-1932 Paul Doumer
52%
1920 Paul Deschanel
51%
1932-1940 Albert Lebrun
50%
1920-1924 Alexandre Millerand
47%
1924-1931 Gaston Doumergue
47%
1879-1887 Jules Grévy
42%
1894-1895 Jean Casimir-Perier
37%
1899-1906 Émile Loubet
35%
1906-1913 Armand Fallières
34%
Aucun quiz correspondant
Distribution des résultats
% des personnes avec chaque résultat
Percentile par nombre de réponses
Votre historique - résultats
Vous n’avez pas pris ce quiz